000 00186nam a22000977a 4500
082 _a954.91 PAK'I
245 _aPAKISTAN LAND & PEOPLE
260 _c1990
300 _a152P
942 _cBK
999 _c581690
_d581690